01003nam a2200253 a 450000100100000000500170001000800410002702000180006804000250008608200180011110000480012924501310017726000480030830000280035650000470038450400330043165000230046465000230048770000550051070000420056504900090060795201160061699900170073200002221520251017124518.0100920s2007 dr a 000 0 spa d a9789590504990 aDO-SdBNPbspacBNPHU a616.89bR696m1 aRodríguez Sánchez, Jorge,d1950-94594510aMi psicólogo soy yo /cJorge Rodríguez Sánchez, Arístides E. Hernández Guerrero; edición Luisa Acosta Hernández. aLa Habana :bCientífico-Técnica,c2007. a154 p. :bil. ;c21 cm. aIncluye datos biográficos de los autores aBibliografías : p. 153-154 4aPsiquiatria918234 0aSalud mental 98031 aHernández Guerrero, Arístides E.d1963-9459461 aAcosta Hernández, Luisaeed.945947 aBNPD 0010718PDaPDbPDcCTd2010-09-20iLF1l0o616.89 R696mp22215-10r2020-06-25w2020-06-25yLFPDZNo se presta c21713d21713